A troubled guest (Record no. 1651)
[ view plain ]
| 000 -LEADER | |
|---|---|
| fixed length control field | 01454nam a2200325 a 4500 |
| 082 04 - DEWEY DECIMAL CLASSIFICATION NUMBER | |
| Classification number | 818/.5409 |
| -- | B |
| 100 1# - MAIN ENTRY--AUTHOR NAME | |
| Personal name | Mairs, Nancy, |
| 245 12 - TITLE STATEMENT | |
| Title | A troubled guest |
| 260 ## - PUBLICATION, DISTRIBUTION, ETC. (IMPRINT) | |
| Place of publication | Boston : |
| Name of publisher | Beacon Press, |
| Year of publication | c2001. |
| 300 ## - PHYSICAL DESCRIPTION | |
| Number of Pages | 195 p. |
| 505 0# - FORMATTED CONTENTS NOTE | |
| Formatted contents note | A necessary end -- Death with father -- I enter orphanhood -- Aftermath -- Regrets, revision, release -- Lost children -- The death of the other -- Reflections on an anniversary -- Nicey Nancy and the bad buffaloes -- Ron her son, coda. |
| 650 #0 - SUBJECT ADDED ENTRY--TOPICAL TERM | |
| Topical Term | Authors, American |
| Topical Term | Death |
| 856 40 - ELECTRONIC LOCATION AND ACCESS | |
| Uniform Resource Identifier | http://site.ebrary.com/lib/rucke/Doc?id=5001911 |
No items available.
